| Поле | Инд. | ПП | Название | Значение |
|---|---|---|---|---|
| Тип записи | m | |||
| Библиографический уровень | m | |||
| 001 | Контрольный номер | e510cd4da06b4bb7bbbdd879ad3529c1 | ||
| 005 | Дата корректировки | 20200518135652.0 | ||
| 008 | Кодируемые данные | 191028|||||||||ru |||||||||||||||||rus|| | ||
| 040 | b | Код языка каталог. | rus | |
| 084 | a | Индекс другой классификации/Индекс ББК | 22.34 | |
| 090 | x | Авторский знак | О-62 | |
| 245 | 10 | a | Заглавие | Оптика |
| b | Продолж. заглавия | конспект лекций (для студентов естественно-технических направлений и специальностей) | ||
| c | Ответственность | Министерство науки и высшего образования Российской Федерации, Федеральное государственное бюджетное образовательное учреждение высшего образования, "Мурманский государственный технический университет", Кафедра общей и прикладной физики ; составитель В. С. Гнатюк | ||
| h | Физич. носитель | Электронный ресурс | ||
| 256 | a | Характеристики компьютерного файла | Электрон. текстовые дан. (1 файл : 10,9 Мб) | |
| 260 | a | Место издания | Мурманск | |
| b | Издательство | МГТУ | ||
| c | Дата издания | 2019 | ||
| 500 | a | Примечание | Доступ из локальной сети Мурман. гос. техн. ун-та. - Загл. с титул. экрана | |
| 583 | x | Служебное примечание | Полнотекстовые документы | |
| x | Служебное примечание | Труды преподавателей МГТУ | ||
| x | Служебное примечание | Без печатного варианта | ||
| z | Открытое примечание | Для студентов естественно-технических специальностей | ||
| 653 | 1_ | a | Ключевые слова | Методические указания |
| a | Ключевые слова | Оптика | ||
| a | Ключевые слова | Труды преподавателей МГТУ | ||
| a | Ключевые слова | Физика | ||
| a | Ключевые слова | Электронные версии | ||
| 700 | 12 | a | Другие авторы | Гнатюк В. С. |
| e | Роль лиц | Составитель | ||
| 856 | 40 | u | URL | https://elib.mauniver.ru/2019/M_19_127.pdf |
| 901 | t | Тип документа | m | |
| 952 | c | Вид литературы | учебно-методическое издание |